000 00437nam a2200169 i 4500
001 27518
003 ES-MaACL
005 20230906153632.0
007 t|
008 030114s1904 fr ||||1| fre d
100 1 _aAubin, Eugene.
_923809
245 1 3 _aLe Maroc d'aujourd'hui /
_cEugene Aubin.
260 _aParĂ­s :
_bArmand Colin,
_c1904.
300 _a500 p. ;
_c18 cm.
651 4 _aMarruecos.
_9137253
852 _aES-MaACL
_jD-4748
999 _c27518
_d27518